Catálogo - Centro de Recursos para el Aprendizaje y la Investigación
Volver al Sitio - CRAI Biblioteca| 000 -CABECERA | |
|---|---|
| campo de control de longitud fija | 01810nam a2200277 4500 |
| 001 - NÚMERO DE CONTROL | |
| campo de control | 114522 |
| 003 - IDENTIFICADOR DEL NÚMERO DE CONTROL | |
| campo de control | DR-UNIBE |
| 005 - FECHA Y HORA DE LA ÚLTIMA TRANSACCIÓN | |
| campo de control | 20260325113711.0 |
| 008 - DATOS DE LONGITUD FIJA--INFORMACIÓN GENERAL | |
| campo de control de longitud fija | 260325b2009 sp ||||| |||| 00| 0 spa d |
| 020 ## - NÚMERO INTERNACIONAL ESTÁNDAR DEL LIBRO | |
| Número Internacional Estándar del Libro | 9788466322485 |
| 020 ## - NÚMERO INTERNACIONAL ESTÁNDAR DEL LIBRO | |
| Número Internacional Estándar del Libro | 8466322485 |
| 040 ## - FUENTE DE LA CATALOGACIÓN | |
| Centro catalogador/agencia de origen | BIBLIOTECA UNIBE |
| Lengua de catalogación | spa |
| Centro/agencia transcriptor | BIBLIOTECA UNIBE |
| 041 ## - CÓDIGO DE LENGUA | |
| Código de lengua del texto/banda sonora o título independiente | spa |
| 082 ## - NÚMERO DE LA CLASIFICACIÓN DECIMAL DEWEY | |
| Número de edición | 22 |
| Número de clasificación | 863.64 C355p |
| 100 1# - ENTRADA PRINCIPAL--NOMBRE DE PERSONA | |
| Nombre de persona | Castro Díaz, Mercedes, |
| Fechas asociadas al nombre | 1972- |
| Término indicativo de función/relación | autor |
| 9 (RLIN) | 203720 |
| 245 12 - MENCIÓN DE TÍTULO | |
| Título | Y punto / |
| Mención de responsabilidad, etc. | Mercedes Castro Díaz |
| 250 ## - MENCIÓN DE EDICIÓN | |
| Mención de edición | Primera edición |
| 260 ## - PUBLICACIÓN, DISTRIBUCIÓN, ETC. | |
| Lugar de publicación, distribución, etc. | Madrid : |
| Nombre del editor, distribuidor, etc. | Punto de lectura : |
| -- | Santillana Ediciones Generales, S.L., |
| Fecha de publicación, distribución, etc. | 2009 |
| 300 ## - DESCRIPCIÓN FÍSICA | |
| Extensión | 812 páginas ; |
| Dimensiones | 20 cm |
| 490 ## - MENCIÓN DE SERIE | |
| Mención de serie | Punto de lectura ; |
| Designación de volumen o secuencia | 323/1 |
| 520 3# - SUMARIO, ETC. | |
| Sumario, etc. | Sensible por dentro y dura por fuera, mujer y policía, Clara Deza se enfrenta cada día a un mundo hostil, marcado por la oposición n entre su vida laboral, con superiores que no la respetan, compañeros que van de la incomprensión a la sobreprotección y delincuentes que la enternecen, y su vida personal, con un matrimonio que es a la vez remanso de paz y jaula de fieras... Un día, tras recibir un mensaje desconcertante de su mejor confidente, comprende que está ante su caso más importante, un caso que la lleva a bucear en las cloacas de una sociedad de apariencia brillante, pero tan cruel como despiadada... Con una poderosa voz narrativa cargada de ironía, Mercedes Castro irrumpe en el panorama literario con la historia de una mujer que se mueve entre claros y oscuros, una protagonista tan de carne y hueso que traspasa las páginas de esta novela con su humor agridulce, su contundente fragilidad y un inconformismo esencial que va más allá de cualquier punto y final. |
| 650 #7 - PUNTO DE ACCESO ADICIONAL DE MATERIA--TÉRMINO DE MATERIA | |
| Fuente del encabezamiento o término | lemb |
| Término de materia o nombre geográfico como elemento de entrada | Novela española |
| 650 #7 - PUNTO DE ACCESO ADICIONAL DE MATERIA--TÉRMINO DE MATERIA | |
| Fuente del encabezamiento o término | lemb |
| Término de materia o nombre geográfico como elemento de entrada | Literatura española |
| 655 #7 - TÉRMINO DE INDIZACIÓN--GÉNERO/FORMA | |
| Fuente del término | lemb |
| Datos o término principal de género/forma | Novela |
| 9 (RLIN) | 173685 |
| 942 ## - ELEMENTOS DE PUNTO DE ACCESO ADICIONAL (KOHA) | |
| Fuente del sistema de clasificación o colocación | Sistema de Clasificación Decimal Dewey |
| Tipo de ítem Koha | Libro (general) |
| Estado de retiro | Estado de pérdida | Fuente del sistema de clasificación o colocación | No para préstamo | Código de colección | Localización permanente | Fecha de adquisición | Total de préstamos | Signatura topográfica completa | Código de barras | Fecha visto por última vez | Número de copia | Precio válido a partir de | Tipo de ítem Koha |
|---|---|---|---|---|---|---|---|---|---|---|---|---|---|
| Disponible | Sistema de Clasificación Decimal Dewey | General | Biblioteca Central UNIBE | 23/01/2026 | 863.64 C355p | 260237 | 25/03/2026 | Ej. 1 | 25/03/2026 | Libro (general) |